Influência da Liderança na Motivação de Funcionários: Um Estudo de Caso realizado no Ministério da Juventude e Desportos (Record no. 2254)

MARC details
000 -Etiqueta do registo
Campo de controlo de comprimento fixo 00427 a2200133 4500
020 ## - ISBN (NÚMERO DE LIVRO PADRÃO INTERNACIONAL)
ISBN S/N
040 ## - Fonte de Catalogação
Agência de catalogação Biblioteca de Posgraduação- Universidade Lusíada de Angola
100 ## - Nome Pessoal
9 (RLIN) 1077
Autor CAMUANHA, Gemelarte Horc̀io Balanga
245 ## - Declaração de Título
Título Influn̊cia da Lideranȧ na Motivaȯ̂ de Funcionr̀ios: Um Estudo de Caso realizado no Ministřio da Juventude e Desportos
260 ## - Publicação e Destribuíção
Local de edição/distribuição Luanda
Editor/distribuidor Universidade Lusa̕da
Data de edição/distribuição 2019
300 ## - Descrição Física
Nº Pág. 103p
650 ## - MATERIA
MATERIA Recursos Humanos
942 ## - - Elementos de entrada adicionados (koha)
Tipo de documento Dissertações de Grado e Mestrado

No items available.